000 00687cam a2200217 4500
005 20220907075609.0
008 181106b sp||||| |||| 00| 0 spa d
020 _a9788449324260
050 0 4 _a JC336
_bM37 2010
100 1 _aMargalit, Avishai
240 _aThe Decent Society, de Avishai Margalit
245 1 3 _aLa Sociedad decente /
_cAvishai Margalit ; tr. de Carme Castells Auleda.
250 _a1a ed.
260 _aBarcelona, España :
_bPaidos,
_c2010
300 _a222 p. ;
_c24 cm.
490 0 _aPaidos Estado y Sociedad ;
_vNo. 50
650 4 _aPolítica
_xFilosofía
650 4 _aSociología
_xPolítica
700 1 _aCastells Auleda, Carme,
_etr.
942 _2lcc
_cLIB
999 _c145407
_d145405